Word Ladder: Valve Quiz Stats

Quiz Updated Sep 4, 2016

Challenge
Share
Tweet
Embed
Score 0/42 Timer 05:00
2 Plays Today
Hint 4-Letter Word % Correct
CorridorHALL
97.1%
No longer living☣DEAD☣
95.2%
Five's predecessor☣FOUR☣
94.9%
Inclined land areaHILL
94.7%
To serve liquidPOUR
94.2%
A bird's abodeNEST
93.9%
Clean and tidyNEAT
93.6%
To take a load offREST
93.4%
Iron oxideRUST
92.8%
It rests upon the neckHEAD
92.8%
Green citrus fruitLIME
92.7%
A honey or sweetheartDEAR
92.6%
Dirty or unfairFOUL
92.2%
A young horseFOAL
91.9%
To hurryRUSH
91.9%
An espresso's frothFOAM
91.8%
Sobbing's dropTEAR
91.8%
To wander without intentROAM
91.3%
1995 De Niro & Pacino movieHEAT
90.7%
To frown or sulkPOUT
90.4%
One unit of paperREAM
90.3%
Hint 4-Letter Word % Correct
A sword's handleHILT
89.8%
Multiplayer FPS: '___ Fortress'☞TEAM☚
88.7%
A romantic gathering for twoDATE
88.3%
A portion exactly equal to the restλ HALF λ
85.8%
A computer's stored informationDATA
85.5%
An entrance to a castleGATE
85.3%
Uncool or squareLAME
83.8%
To carry or pick upLIFT
82.6%
To sing with fluctuating pitchLILT
81.2%
Three rights☣LEFT☣
81.1%
A constant annoyancePEST
80.4%
A soldier's assigned areaPOST
80.3%
For fear thatLEST
77%
Bible book preceding 1 SamuelRUTH
76.9%
To give attention to, like grandkidsDOTE
75.6%
A method of memorizationROTE
75.4%
'Portnoy's Complaint' writer PhilipROTH
72.8%
Old US photojournalism magazineλ LIFE λ
72.3%
Warcraft III mod (abbr.)♐DOTA➳
71.1%
Valve's co-founder, ___ Newell★GABE★
40.5%
Ancient Spartan retort, 'Molon ___'LABE
38.3%

Today's Daily Dose

You're not logged in!

Compare scores with friends on all Sporcle quizzes.
Sign Up with Email
OR
Log In

You Might Also Like...

Show Comments

Extras

Top Quizzes Today


Score Distribution

Your Account Isn't Verified!

In order to create a playlist on Sporcle, you need to verify the email address you used during registration. Go to your Sporcle Settings to finish the process.